La identidad nacional de los jóvenes y el estado de las autonomías / (Record no. 15441)

MARC details
000 -LEADER
campo de control de longitud fija 01043nam a2200313 i 4500
001 - NÚMERO DE CONTROL
campo de control 15441
003 - IDENTIFICADOR DE NÚMERO DE CONTROL
campo de control ES-MaACL
005 - FECHA Y HORA DE LA ÚLTIMA TRANSACCIÓN
campo de control 20250827062540.0
007 - CAMPO FIJO DE DESCRIPCIÓN FÍSICA--INFORMACIÓN GENERAL
campo de control de longitud fija t|
008 - DATOS DE LONGITUD FIJA--INFORMACIÓN GENERAL
campo de control de longitud fija 000313s1999 sp ||||1| spa d
020 ## - NÚMERO INTERNACIONAL ESTÁNDAR DEL LIBRO
Número Internacional Estándar del Libro 84-7476-287-1
080 ## - NÚMERO DE LA CLASIFICACIÓN DECIMAL UNIVERSAL
Número de la Clasificación Decimal Universal 342.25(460):316.65
080 ## - NÚMERO DE LA CLASIFICACIÓN DECIMAL UNIVERSAL
Número de la Clasificación Decimal Universal 308.1-053.7(460)(049.5)
100 1# - ENTRADA PRINCIPAL--NOMBRE DE PERSONA
Nombre de persona Moral, Félix.
9 (RLIN) 82932
245 13 - MENCIÓN DEL TÍTULO
Título La identidad nacional de los jóvenes y el estado de las autonomías /
Mención de responsabilidad, etc. Félix Moral, Araceli Mateos.
250 ## - MENCION DE EDICION
Mención de edición 1ª ed.
260 ## - PUBLICACIÓN, DISTRIBUCIÓN, ETC.
Lugar de publicación, distribución, etc. Madrid :
Nombre del editor, distribuidor, etc. Centro de Investigaciones Sociológicas,
Fecha de publicación, distribución, etc. 1999.
300 ## - DESCRIPCIÓN FÍSICA
Extensión 127 p. ;
Dimensiones 30 cm.
490 1# - MENCIÓN DE SERIE
Mención de serie Opiniones y actitudes ;
Designación de volumen o secuencia 26
650 ## - PUNTO DE ACCESO ADICIONAL DE MATERIA--TÉRMINO DE MATERIA
Término de materia o nombre geográfico como elemento de entrada España-
Subdivisión general Comunidades autónomas.
9 (RLIN) 178649
650 #4 - PUNTO DE ACCESO ADICIONAL DE MATERIA--TÉRMINO DE MATERIA
Término de materia o nombre geográfico como elemento de entrada Jóvenes-
Subdivisión geográfica España-
Subdivisión de forma Encuestas.
9 (RLIN) 13951
650 #7 - PUNTO DE ACCESO ADICIONAL DE MATERIA--TÉRMINO DE MATERIA
Término de materia o nombre geográfico como elemento de entrada Encuestas
9 (RLIN) 227290
Fuente del encabezamiento o término embne
700 1# - ENTRADA AGREGADA--NOMBRE PERSONAL
Nombre de persona Mateos, Araceli.
9 (RLIN) 78971
710 2# - ENTRADA AGREGADA--NOMBRE DE ENTIDAD CORPORATIVA
Nombre de entidad corporativa o nombre de jurisdicción como elemento de entrada Centro de Investigaciones Sociológicas (España)
9 (RLIN) 2708
830 0# - PUNTO DE ACCESO ADICIONAL DE SERIE-TÍTULO UNIFORME
Título uniforme Opiniones y actitudes ;
Designación de volumen o secuencia 26
9 (RLIN) 179773
852 ## - LOCALIZACIÓN
Ubicación ES-MaACL
Número de control de estantería L-22460
Sublocalización o colección R.127880
942 ## - ELEMENTOS DE ENTRADA SECUNDARIOS (KOHA)
Fuente del sistema de clasificación o colocación Clasificación decimal universal
Holdings
Estatus retirado Estado de pérdida Estado de daño No para préstamo Biblioteca de origen Biblioteca actual Ubicación en estantería Fecha de adquisición Fuente de adquisición Total de préstamos Signatura topográfica completa Código de barras Visto por última vez Precio de reemplazo Tipo de ítem Koha
        Biblioteca del Ateneo de Madrid Biblioteca del Ateneo de Madrid Depósito 2 17/01/2008     L-22460 1015698 23/02/2023 23/02/2023 Libro impreso